000 00308nam a22001337a 4500
008 170221b xxu||||| |||| 00| 0 eng d
020 _a9780838522851
041 _aeng
080 _24TH
_a615
100 _a5
101 _aSHF
245 _aESSENTIAL DRUG DOSAGE CALCULATIONS
_cHEGSTAD, L.N
942 _2udc
_cBK
999 _c5942
_d5942